00995cam a2200301 a 45000010008000000030006000080050017000140080041000310200025000720350017000970400061001140410012001750420008001870500024001951000018002192450012002372460029002492460019002782600034002973000053003315050106003846000018004906500022005086500049005309420008005799520091005879990015006785252121CaAEU20260304110049.0070731s2006 enka 000 0 eng c a9781844137879 (pbk.) aocn186480632 aUKMcUKMdCGUdBAKERdCOOdIXAdOCOdNLGGCdDPLdCaONFJC aEnglish apcc 4aN6797.B363bA4 2006 aBanksy92230510aBanksy.14aBanksy :bwall and piece30aWall and piece aLondon, UK :bCentury,c2006. a238 pages :billustrations (some color) ;c27 cm aBanksy — His work — Photographed — With comments by Banksy — In a book — This is that book. 0aBanksy922305 0aStreet art922307 0aGraffiti artists--England--Influence.922306 2lcc 00102lcc4070aTBSbTBSd2026-03-04l0r2026-03-04t1w2026-03-04y1zSOON AVAILABLE c5369d5369